|
|
|
|
| LEADER |
00000nam a2200000 4500 |
| 008 |
210310b ||||| |||| 00| 0 spa d |
| 999 |
|
|
|c 3915
|d 3915
|
| 020 |
|
|
|a 9968917575
|
| 090 |
|
|
|a 06.02.01
|b 2595
|
| 100 |
|
|
|9 4712
|a Castañeda Cortez, Amílcar
|
| 245 |
1 |
0 |
|a Campaña educativa sobre derechos humanos y derechos indígenas : salud indígena y derechos humanos : manual de contenidos /
|b Amílcar Castañeda
|
| 260 |
|
|
|a San José, C.R. :
|b IIDH,
|c c2006.
|
| 300 |
|
|
|a 267 páginas;
|b ilustraciones ;
|c 1 disco óptico de computadora
|
| 650 |
1 |
4 |
|9 636
|a ASPECTOS EDUCATIVOS
|
| 650 |
1 |
4 |
|9 588
|a DERECHOS HUMANOS
|
| 650 |
1 |
4 |
|9 427
|a INDÍGENAS
|
| 650 |
1 |
4 |
|9 4014
|a DERECHO A LA SALUD
|
| 650 |
1 |
4 |
|9 426
|a MANUALES
|
| 942 |
|
|
|i 004647,004650
|h 06.02.01 2595
|2 z
|c 01
|